000 01096nam a2200349 a 4500
001 000017514
003 DO-SdBNP
005 20180326153526.0
007 000017514
008 100326s1999 dr 001 0 spa d
020 _a8484003078
040 _aBPMSU
_bspa
_cBPMSU
092 _a344.046
_bR969L
100 1 _aRusso, Italo
245 1 0 _aLegislación ambiental de la República Dominicana :
_binventario análisis /
_cItalo Russo.
260 _aSanto Domingo :
_bTaller,
_c1999.
300 _a153 p. :
_bil.,
_c28 cm.
500 _aIncluye índice onomástico.
504 _aBibliografía : p. 147
650 4 _aDERECHO AMBIENTAL
650 4 _aRECURSOS NATURALES
_xLEGISLACIÓN
650 4 _aCALIDAD AMBIENTAL
_xLEGISLACIÓN
650 4 _aPROTECCIÓN DEL MEDIO AMBIENTE
_zREPÚBLICA DOMINICANA
910 _aValidado. Control de calidad EMS
930 1 _l
_m
_h
_8
_f
_p
_g
942 _2ddc
_cBK
945 _aRemanejado para la BNPHU / VM
956 _a
_b
_c
_l
_h
956 _aVMATEO
_b10
_c20100521
_lBPMSU
_h0069
956 _a
_b
_c
_l
_h
956 _a
_b
_c
_l
_h
999 _c7442
_d7442